Electrical load forecasting : modeling and model construction /

Bibliographic Details
Main Author: Soliman, S. A.
Other Authors: Alkandari, Ahmad M.
Format: Book
Language:English
Published: Burlington, MA : Butterworth-Heinemann, [2010]
Subjects:

MARC

Tag First Indicator Second Indicator Subfields
LEADER 00000cam a2200000 a 4500
001 in00002583821
005 20151201150850.0
008 091209s2010 maua b 001 0 eng
010 |a  2009048799 
020 |a 9780123815439 (alk. paper) 
020 |a 0123815436 (alk. paper) 
020 |a 9781856180207 (alk. paper) 
020 |a 1856180204 (alk. paper) 
035 |a (OCoLC)ocn488731156 
035 |a (OCoLC)488731156 
040 |a DLC  |c DLC  |d YDX  |d YDXCP  |d UtOrBLW 
049 |a TXAM 
050 0 0 |a TK1005  |b .S64 2010 
082 0 0 |a 333.793/213015195  |2 22 
100 1 |a Soliman, S. A. 
245 1 0 |a Electrical load forecasting :  |b modeling and model construction /  |c Soliman Abdel-hady Soliman, Ahmad M. Al-Kandari. 
264 1 |a Burlington, MA :  |b Butterworth-Heinemann,  |c [2010] 
264 4 |c ©2010 
300 |a xix, 414 pages :  |b illustrations ;  |c 24 cm. 
336 |a text  |b txt  |2 rdacontent 
337 |a unmediated  |b n  |2 rdamedia 
338 |a volume  |b nc  |2 rdacarrier 
504 |a Includes bibliographical references and index. 
650 0 |a Electric power-plants  |x Load  |x Forecasting  |x Mathematics. 
650 0 |a Electric power systems  |x Mathematical models. 
650 0 |a Electric power consumption  |x Forecasting  |x Mathematics. 
700 1 |a Alkandari, Ahmad M. 
938 |a YBP Library Services  |b YANK  |n 3145694 
945 |a PromptCat  |b 981429 
946 |a stk 
947 |a A14840306540 
994 |a 92  |b TXA 
948 |a Cataloged  |b h  |c 2010/6/1  |d c  |e ibarton 
999 |a MARS 
999 f f |s 481aac37-39e0-370f-8ed2-990e9cbf8010  |i 80387780-d6e7-3e36-8903-d06ee60bf8c9  |t 0 
952 f f |p ric  |a Texas A&M University  |b Rellis Campus  |c Joint Library Facility  |d Remote Storage  |t 0  |e TK1005 .S64 2010  |h Library of Congress classification  |i unmediated -- volume  |m A14840306540 
998 f f |a TK1005 .S64 2010  |t 0  |l Remote Storage